Los datos de la sociología / (Record no. 12712)

000 -CABECERA
fixed length control field 01225nam a22002417a 4500
003 - IDENTIFICADOR DEL NÚMERO DE CONTROL
control field AR-CdUCM
008 - DATOS DE LONGITUD FIJA--INFORMACIÓN GENERAL
fixed length control field 190410b ||||| |||| 00| 0 spa d
040 ## - FUENTE DE LA CATALOGACIÓN
Agencia/entidad que catalogó originalmente la obra MUNICIPALIDAD PROVINCIAL DEL CUSCO
Entidad que transcribió la catalogación BIBLIOTECA MUNICIPAL DEL CUSCO
082 ## - NÚMERO DE LA CLASIFICACIÓN DECIMAL DEWEY
No. de Clasificación 301 /
Notacion interna S74
100 ## - ENTRADA PRINCIPAL--NOMBRE DE PERSONA
Nombre Personal Spencer, Herbert
245 ## - MENCIÓN DE TÍTULO
Título Los datos de la sociología /
260 ## - PUBLICACIÓN, DISTRIBUCIÓN, ETC.
Lugar de publicación, distribución, etc. Madrid :
Nombre de la editorial, distribuidor, etc. La España Moderna.
300 ## - DESCRIPCIÓN FÍSICA
Nº de Páginas Extensión 2 tomos ;
Dimensiones 22 cm.
440 ## - MENCIÓN DE SERIE/PUNTO DE ACCESO ADICIONAL--TÍTULO
Título Biblioteca de Jurisprudencia, Filosofía é Historia.
9 (RLIN) 30716
505 ## - NOTA DE CONTENIDO CON FORMATO
Nota de contenido formateada Contenido : t.1: Evolución superorgánica -- Factores de los fenómenos sociales -- Factores originales extremos -- Factores originales internos -- El hombre primitivo físico ... -- t.2: Ideas sobre los agentes sobrenaturales -- De los agentes sobrenaturales, causas presuntas de epilepsia, de convulsiones, de delirio, de locura de enfermedades y de muerte -- Inspiración, adivinación, exorcismo y brujería -- Culto de los ídolos y de los fetiques -- Culto de las plantas...
650 ## - PUNTO DE ACCESO ADICIONAL DE MATERIA--TÉRMINO DE MATERIA
Descriptor Socióloga
9 (RLIN) 30717
650 ## - PUNTO DE ACCESO ADICIONAL DE MATERIA--TÉRMINO DE MATERIA
Descriptor Agentes sobrenaturales
9 (RLIN) 30718
650 ## - PUNTO DE ACCESO ADICIONAL DE MATERIA--TÉRMINO DE MATERIA
Descriptor Cultos
9 (RLIN) 30719
650 ## - PUNTO DE ACCESO ADICIONAL DE MATERIA--TÉRMINO DE MATERIA
Descriptor Fenómenos sociales
9 (RLIN) 30720
942 ## - ELEMENTOS DE PUNTO DE ACCESO ADICIONAL (KOHA)
Fuente de clasificación
Tipo de item Libros-BMC
945 ## - PROCESAMIENTO DE INFORMACIÓN LOCAL (OCLC)
Catalogador wnts
AAAA-MM-DD - Fecha de ingreso o modificacion 2019-04-10
Holdings
Estado de retiro (separado) Fuente de clasificación o esquema de estanterías Estado dañado Ubicación Sala donde se ubica Nombre de la colección Fecha de adquisición o compra Costo, precio normal en soles Signatura topográfica Código de Barras Última vez visto (Koha) Tipo de ítem (Koha)
No     Sala Humanidades Sala Humanidades Book Cart 2019-04-10 85.00 301 / S74 / t.2 SH0000010441 2019-04-10 Libros-BMC
No     Sala Humanidades Sala Humanidades Book Cart 2019-04-16 85.00 301 / S74 / t.1 SH0000010850 2019-04-16 Libros-BMC

Powered by Koha